| 000 | 00562nam a2200181 a 4500 | ||
|---|---|---|---|
| 005 | 20230714063547.0 | ||
| 008 | 991125s1957 mx 000 0 spa u | ||
| 035 | _aUPN01000043166 | ||
| 049 | _aLT | ||
| 050 | 4 |
_aLB1577 M6.5 _bD3.6 1957 |
|
| 100 | 1 | _aDamián González, Pablo | |
| 245 | 1 | 0 |
_aOrtografía práctica : _b5o. y 6o. año de escuelas primarias / _cPablo Damían González |
| 260 |
_aMéxico : _bAvante, _c1957 |
||
| 300 | _a64 p. | ||
| 650 | 4 |
_aEspañol _xOrtografía _xEstudio y enseñanza (Elemental) _93024 |
|
| 904 |
_aAC _b043168 |
||
| 905 | _aLibro | ||
| 999 |
_c43166 _d43166 |
||